<?xml version="1.0" encoding="UTF-8"?>
<collection xmlns="http://www.loc.gov/MARC21/slim">
 <record>
  <leader>01611nam a2200229Ia 4500</leader>
  <controlfield tag="001">TDMU_24944</controlfield>
  <controlfield tag="008">210410s9999    xx            000 0 und d</controlfield>
  <datafield tag="082" ind1=" " ind2=" ">
   <subfield code="a">341.450261</subfield>
  </datafield>
  <datafield tag="090" ind1=" " ind2=" ">
   <subfield code="b">L250</subfield>
  </datafield>
  <datafield tag="100" ind1=" " ind2=" ">
   <subfield code="a">Lê, Quý Quỳnh</subfield>
  </datafield>
  <datafield tag="245" ind1=" " ind2="0">
   <subfield code="a">Các hiệp định phân định biển giữa Việt Nam và các nước láng giềng</subfield>
  </datafield>
  <datafield tag="245" ind1=" " ind2="0">
   <subfield code="b">Sách tham khảo</subfield>
  </datafield>
  <datafield tag="245" ind1=" " ind2="0">
   <subfield code="c">Lê Quý Quỳnh, Nguyễn Trường Giang (ch.b.), Trần Duy Thi, Vũ Ngọc Minh, Phạm Thị Lê Thúy</subfield>
  </datafield>
  <datafield tag="260" ind1=" " ind2=" ">
   <subfield code="a">H.</subfield>
  </datafield>
  <datafield tag="260" ind1=" " ind2=" ">
   <subfield code="b">Chính trị Quốc gia - Sự thật</subfield>
  </datafield>
  <datafield tag="260" ind1=" " ind2=" ">
   <subfield code="c">2014</subfield>
  </datafield>
  <datafield tag="300" ind1=" " ind2=" ">
   <subfield code="a">115tr.</subfield>
  </datafield>
  <datafield tag="520" ind1=" " ind2=" ">
   <subfield code="a">Phân tích các hiệp định phân định biển giữa Việt Nam và các nước láng giềng: Hiệp định về vùng nước lịch sử giữa Việt Nam và Campuchia; Hiệp định phân định ranh giới trên biển giữa Việt Nam và Thái Lan; Hiệp định phân định lãnh hải, vùng đặc quyền kinh tế và thềm lục địa giữa Việt Nam và Trung Quốc; Hiệp định phân định thềm lục địa giữa Việt Nam và Inđônêxia</subfield>
  </datafield>
  <datafield tag="650" ind1=" " ind2=" ">
   <subfield code="a">Hiệp định phân định biển</subfield>
   <subfield code="z">Việt Nam</subfield>
   <subfield code="z">Trung Quốc</subfield>
   <subfield code="z">Campuchia</subfield>
   <subfield code="z">Thái Lan; Luật quốc tế</subfield>
   <subfield code="x">Phân định biên giới</subfield>
   <subfield code="x">Ranh giới trên biển</subfield>
  </datafield>
  <datafield tag="700" ind1=" " ind2=" ">
   <subfield code="a">Nguyễn, Trường Giang (ch.b.)</subfield>
  </datafield>
  <datafield tag="856" ind1=" " ind2=" ">
   <subfield code="u">http://lrc.tdmu.edu.vn/opac/search/detail.asp?aID=2&amp;ID=24944</subfield>
  </datafield>
  <datafield tag="980" ind1=" " ind2=" ">
   <subfield code="a">Trung tâm Học liệu Trường Đại học Thủ Dầu Một</subfield>
  </datafield>
 </record>
</collection>
